Moje pravda / (Záznam č. 34174)

Podrobnosti MARC
000 -Návěští
Řídící pole kódované 24B 02049nam a2200421 i 4500
001 - Kontrolní číslo
Řídící pole proměnné nkc20243589498
003 - Identifikátor kontrolního čísla
Řídící pole proměnné CZ PrSKC
005 - Datum posledního zpracování
Řídící pole 16B 20260415093633.0
007 - Pole pevné délky pro fyzický popis
Řídící pole kódované ta
008 - Údaje pevné délky
Řídící pole kódované 40B 240627s2024 xr d 000 f cze
020 ## - ISBN
ISBN 9788024298184
040 ## - Zdroj katalogizace-agentura
Agentura původní katalogizace ABG001
Jazyk katalogizace cze
Agentura upravující záznam OLA001
Použitá pravidla popisu rda
041 1# - Kód jazyka
Kód jazyka textu/zvuku, mezititulků cze
Kód jazyka originálu eng
072 #7 - Kód předmětové kategorie - Konspekt
Předmětová kategorie 821.111-3
Zpřesnění předmětové kategorie Anglická próza, anglicky psaná
Zdroj předmětové klasifikace Konspekt
072 #7 - Kód předmětové kategorie - Konspekt
Předmětová kategorie 821-93
Zpřesnění předmětové kategorie Literatura pro děti a mládež (beletrie)
Zdroj předmětové klasifikace Konspekt
080 ## - MDT
Klasifikační znak MDT 821.111-31
Idetifikátor vydání MDT MRF
080 ## - MDT
Klasifikační znak MDT 821-93-053.67
Idetifikátor vydání MDT MRF
080 ## - MDT
Klasifikační znak MDT 821-93
Idetifikátor vydání MDT MRF
080 ## - MDT
Klasifikační znak MDT (0:82-31)
Idetifikátor vydání MDT MRF
100 1# - Hlavní záhlaví - osobní jméno autora
Osobní jméno Rahman, Yasmin
Kód role aut
9 (RLIN) 19792
240 10 - Unifikovaný název
Unifikovaný název <a href="This is my truth.">This is my truth.</a>
Jazyk díla Česky
245 10 - Údaje o názvu
Název Moje pravda /
Údaj o odpovědností, atd. Yasmin Rahmanová ; přeložila Magdaléna Stárková
250 ## - Údaje o vydání
Označení vydání Vydání první
264 #1 - Nakladatelské údaje
Místo vydání Praha :
Nakladatel Euromedia Group,
Rok vydání 2024
300 ## - Fyzický popis
Rozsah 399 stran ;
Rozměry 20 cm
490 1# - Údaje o edici
Údaje o edici Yoli
500 ## - Všeobecná poznámka
Text obecné poznámky Přeloženo z angličtiny
520 2# - Anotace
Anotace, atd. Působivá kniha určená teenagerům, která se zabývá dvěma důležitými tématy: domácím násilím a životem v pěstounské péči, zejména v muslimské komunitě.
Rozšířený text anotace Blíží se maturita a nejlepší kamarádky Amani a Huda začínají být nervózní. Nejen ze zkoušek, ale i z budoucnosti. Plachá Amani má na první pohled dokonalou rodinu: úspěšného otce, rozkošného mladšího bratra a matku, která je miluje. Huda naopak vyrůstá u láskyplných pěstounů, kteří právě čekají vlastní dítě. Obě si navzájem závidí snadný život, aniž by si uvědomovaly, že za pozlátkem se skrývají i starosti. Jenže pak Huda zahlédne, jak Amanin otec uhodí její matku a kamarádčino největší tajemství je venku. Nakladatelská anotace. Kráceno.
655 #7 - Rejstříkový termín - žánr/forma
Žánr/forma či základní termín anglické romány
655 #7 - Rejstříkový termín - žánr/forma
Žánr/forma či základní termín literatura young adult
655 #7 - Rejstříkový termín - žánr/forma
Žánr/forma či základní termín publikace pro mládež
655 #9 - Rejstříkový termín - žánr/forma
Žánr/forma či základní termín English fiction
655 #9 - Rejstříkový termín - žánr/forma
Žánr/forma či základní termín young adult literature
655 #9 - Rejstříkový termín - žánr/forma
Žánr/forma či základní termín juvenile literature
700 1# - Vedlejší záhlaví - osobní jméno autora
Osobní jméno Lüdtke Farnesi, Magdaléna,
Datumy související se jménem 1984-
Kód role trl
9 (RLIN) 18645
910 ## - Údaje o vlastníkovi jednotky (exempláře)
Sigla vlastníka jednotky ABG508
Jednotky
Stav ztráty Zdroj klasifikace pro skladování Stav poškození
  Universal Decimal Classification  

Používáme knihovní systém Koha